000
00299nam a22001217a 4500
040
_c
HS
082
_a
318
100
_a
FAO
245
_a
Horticultural chain management for countries of asia and the pacific region a training package
260
_a
Bangkok
_b
FAO
_c
2009
300
_a
214p.
942
_c
EK
999
_c
8724
_d
8724